| 000 | 00842nam a2200349Ia 4500 | ||
|---|---|---|---|
| 003 | OSt | ||
| 005 | 20230725114017.0 | ||
| 008 | 210323s9999||||xx |||||||||||||| ||und|| | ||
| 020 | _a9788131715536 | ||
| 040 | _cSTCPL | ||
| 041 | _aENG | ||
| 082 |
_a530 _bPAU-C |
||
| 100 | _aHewitt, Paul G. | ||
| 245 | 0 |
_aConceptual physics / _cby Paul G. Hewitt |
|
| 250 | _a10th ed. | ||
| 260 |
_aNoida : _bPearson india education Services private limited , _c2012 . |
||
| 300 |
_a812 p. _bPB |
||
| 650 | _aPhysics | ||
| 650 | _aMechanics | ||
| 650 | _aProperties of matter | ||
| 650 | _aHeat | ||
| 650 | _aSound | ||
| 650 | _aElectricity and magnetism | ||
| 650 | _aLight | ||
| 650 | _aAtomic physics | ||
| 650 | _aNuclear physics | ||
| 942 | _cBK | ||
| 942 | _2ddc | ||
| 942 |
_2ddc _n0 |
||
| 942 |
_2ddc _n0 |
||
| 942 |
_2ddc _n0 |
||
| 999 |
_c79480 _d79480 |
||